000 00614nam a22001817a 4500
999 _c190388
_d190388
005 20220722163620.0
010 _aENG-133880
020 _c350.00
_a9788188789696
035 _aEN-117412
037 _bDBAD/PUB
082 _a338.954552
100 _aPritam Singh
245 _aEconomy, Culture and Human Rights:
_bTurbulence in Punjab, India and Beyond/
_cPritam Singh
260 _aGurgaon
_bThree Essays Collective
_c2010
270 _bGurgaon
_aB-957 Palam Vihar
_e122017
_k91-124 2369023
_minfo@threeessays.com
300 _axix;249p.
_c21cm(pbk)
_bIndex
942 _2ddc
_cEN
_h338.954552
_mPRI